Novels By Second Lines Quiz Stats

Quiz Updated Jun 6, 2015

Challenge
Share
Tweet
Embed
Score 0/20 Timer 08:00
1 Play Today
% Correct
The Adventures of Huckleberry Finn
88.5%
Great Expectations
83.4%
To Kill a Mockingbird
77.5%
The Catcher in the Rye
69.5%
Catch-22
63.5%
The Great Gatsby
53.2%
Lord of the Flies
51.1%
Invisible Man
44.7%
Slaughterhouse-Five
42.6%
Fahrenheit 451
40%
% Correct
Lolita
33.3%
Crime and Punishment
30.5%
Midnight's Children
23%
The Sun Also Rises
22.9%
As I Lay Dying
21.8%
Ulysses
18.1%
Atlas Shrugged
15.6%
Portnoy's Complaint
14.6%
Of Mice and Men
13.1%
Tropic of Cancer
7.7%

You're not logged in!

Compare scores with friends on all Sporcle quizzes.
Sign Up with Email
OR
Log In

You Might Also Like...

Show Comments

Extras

Top Quizzes Today


Score Distribution

Your Account Isn't Verified!

In order to create a playlist on Sporcle, you need to verify the email address you used during registration. Go to your Sporcle Settings to finish the process.